000 00183nam a2200085 4500
001 1258525
005 20260312103725.0
245 _aUÇTU UÇTU ÖYKÜ UÇTU
_cFATMA TUTAK
260 _bKENT
999 _c1258525
_d1258525